Most Played Roblox Games Quiz - Statistics

General Stats
  • This quiz has been taken 46 times
  • The average score is 10 of 25
Answer Stats
Rank Visits Answer % Correct
#4 32,157,000,000 Grow a Garden
93%
#5 29,888,000,000 Steal a Brainrot
90%
#1 72,588,000,000 Brookhaven RP
85%
#3 40,489,000,000 Adopt Me!
75%
#2 54,981,000,000 Blox Fruits
63%
#11 11,355,000,000 99 Nights in the Forest
53%
#8 16,257,000,000 MeepCity
50%
#14 9,607,000,000 Welcome to Bloxburg!
50%
#16 8,383,000,000 Dress to Impress
48%
#19 7,596,000,000 Jailbreak
45%
#7 22,308,000,000 Murder Mystery 2
45%
#10 13,894,000,000 Piggy
38%
#6 26,492,000,000 Tower of Hell
38%
#22 6,943,000,000 DOORS
35%
#23 5,996,000,000 Arsenal
33%
#15 8,948,000,000 Pet Simulator X
33%
#17 8,169,000,000 RIVALS
25%
#13 10,225,000,000 Royale High
25%
#9 14,550,000,000 The Strongest Battlegrounds
25%
#12 10,702,000,000 Bedwars
23%
#25 5,629,000,000 Deadrails
20%
#20 7,191,000,000 Evade
18%
#18 7,604,000,000 All Star Tower Defense
10%
#21 7,048,000,000 Berry Avenue RP
10%
#24 5,989,000,000 Toilet Tower Defense
8%
No matching quizzes found
Score Distribution
Percent of People with Each Score
Percentile by Number Answered
Your Score History
You have not taken this quiz